000 00706nam a2200205Ia 4500
008 151119s9999||||xx |||||||||||||| ||und||
082 _a331.714ढापरे/वेळेचे
082 _bGKKV34019
100 _a"ढापरे, प्रसाद"
245 _aवेळेचे व्यवस्थापन
260 _aपुणे
260 _bमिरर पब्लिशिंग
260 _c2014
300 _a112p.
600 _a"ढापरे, प्रसाद"
630 _aवेळेचे व्यवस्थापन
700 _a"ढापरे, प्रसाद"
730 _aवेळेचे व्यवस्थापन
942 _cBOOK
999 _c1086312
_d1086309